00932nam a2200265 i 4500001000300000100002100003245004300024260007000067300002800137504002200165521012600187650001000313655003000323020001800353040000800371041000800379044000800387080002300395920002200418942000700440008004100447999001700488856009800505952006300603bg1 aMagdziak, Marek.00aCatia V5 - podstawy /cMarek Magdziak. aRzeszów :bOficyna Wydawnicza Politechniki Rzeszowskiej,c2007. a153 s. :bil. ;c24 cm. aBibliogr. s. 153. aSkrypt dla studentów Wydziału Budowy Maszyn i Lotnictwa do laboratoriów z przedmiotu "Zaawansowane systemy CAD/CAM". 9aCATIA aPodręczniki akademickie a9788371994760 cBPK apol aPOL a004.42:004.92](07) a978-83-7199-476-0 cKS s pl f |000 0 pol  c55458d55458 uhttp://koha.tu.koszalin.pl/cgi-bin/koha/opac-detail.pl?biblionumber=55458yKatalog online BPK 00104071aBPKbBPKcco88701p02446790t62-045.43 PtyKS